<?xml version="1.0" encoding="UTF-8"?>
<record
    xmlns:xsi="http://www.w3.org/2001/XMLSchema-instance"
    xsi:schemaLocation="http://www.loc.gov/MARC21/slim http://www.loc.gov/standards/marcxml/schema/MARC21slim.xsd"
    xmlns="http://www.loc.gov/MARC21/slim">

  <leader>03330nam a2200553Ia 4500</leader>
  <controlfield tag="001">1841</controlfield>
  <controlfield tag="008">241029s9999    xx            000 0 und d</controlfield>
  <datafield tag="010" ind1=" " ind2=" ">
    <subfield code="a">1723</subfield>
  </datafield>
  <datafield tag="041" ind1=" " ind2=" ">
    <subfield code="a">Espa&#xF1;ol</subfield>
  </datafield>
  <datafield tag="082" ind1=" " ind2=" ">
    <subfield code="a">MA-ES 0025 FH 2005</subfield>
  </datafield>
  <datafield tag="245" ind1=" " ind2="0">
    <subfield code="a">Factores que inciden en el rendimiento acad&#xE9;mico de los estudiantes que cursan la F&#xED;sica B&#xE1;sica (FIS 014), en la Universidad Aut&#xF3;noma de Santo Domingo (SEDE), en el Intersemestral 2001-2002</subfield>
  </datafield>
  <datafield tag="260" ind1=" " ind2=" ">
    <subfield code="a">Santo Domingo</subfield>
  </datafield>
  <datafield tag="300" ind1=" " ind2=" ">
    <subfield code="a">120</subfield>
  </datafield>
  <datafield tag="520" ind1=" " ind2=" ">
    <subfield code="a">12</subfield>
  </datafield>
  <datafield tag="630" ind1=" " ind2=" ">
    <subfield code="a">Evaluaci&#xF3;n</subfield>
  </datafield>
  <datafield tag="630" ind1=" " ind2=" ">
    <subfield code="a">F&#xED;sica</subfield>
  </datafield>
  <datafield tag="630" ind1=" " ind2=" ">
    <subfield code="a">Redimiento acad&#xE9;mico</subfield>
  </datafield>
  <datafield tag="650" ind1=" " ind2=" ">
    <subfield code="a">Ciencias de la Naturaleza</subfield>
  </datafield>
  <datafield tag="690" ind1=" " ind2=" ">
    <subfield code="a">Elaborado</subfield>
  </datafield>
  <datafield tag="700" ind1=" " ind2=" ">
    <subfield code="e">asesor</subfield>
    <subfield code="a">D&#xED;az, Guillermo</subfield>
  </datafield>
  <datafield tag="700" ind1=" " ind2=" ">
    <subfield code="e">autor</subfield>
    <subfield code="a"> G&#xF3;mez Hilario,  Juana</subfield>
  </datafield>
  <datafield tag="700" ind1=" " ind2=" ">
    <subfield code="e">autor</subfield>
    <subfield code="a">Cruz Vargas, ,Ydelsy</subfield>
  </datafield>
  <datafield tag="901" ind1=" " ind2=" ">
    <subfield code="a">{"1":" G&#xF3;mez Hilario","2":"Cruz Vargas"}</subfield>
    <subfield code="b">{"1":" Juana","2":",Ydelsy"}</subfield>
  </datafield>
  <datafield tag="902" ind1=" " ind2=" ">
    <subfield code="a">1</subfield>
  </datafield>
  <datafield tag="903" ind1=" " ind2=" ">
    <subfield code="a">{"1":"D&#xED;az"}</subfield>
    <subfield code="b">{"1":"Guillermo"}</subfield>
  </datafield>
  <datafield tag="904" ind1=" " ind2=" ">
    <subfield code="a">Maestr&#xED;a en</subfield>
  </datafield>
  <datafield tag="905" ind1=" " ind2=" ">
    <subfield code="a">Ense&#xF1;anza Superior</subfield>
  </datafield>
  <datafield tag="906" ind1=" " ind2=" ">
    <subfield code="a">2</subfield>
  </datafield>
  <datafield tag="907" ind1=" " ind2=" ">
    <subfield code="a">NO APLICA</subfield>
  </datafield>
  <datafield tag="908" ind1=" " ind2=" ">
    <subfield code="a">NO APLICA</subfield>
  </datafield>
  <datafield tag="909" ind1=" " ind2=" ">
    <subfield code="a">Universidad Aut&#xF3;noma de Santo Domingo (UASD)</subfield>
  </datafield>
  <datafield tag="910" ind1=" " ind2=" ">
    <subfield code="a">NULL</subfield>
    <subfield code="b">NULL</subfield>
  </datafield>
  <datafield tag="911" ind1=" " ind2=" ">
    <subfield code="a">["1"]</subfield>
  </datafield>
  <datafield tag="912" ind1=" " ind2=" ">
    <subfield code="a">NO APLICA</subfield>
  </datafield>
  <datafield tag="913" ind1=" " ind2=" ">
    <subfield code="a">NULL</subfield>
  </datafield>
  <datafield tag="914" ind1=" " ind2=" ">
    <subfield code="a">13 de Enero de 2003</subfield>
  </datafield>
  <datafield tag="915" ind1=" " ind2=" ">
    <subfield code="a">12/07/15 08:07</subfield>
  </datafield>
  <datafield tag="916" ind1=" " ind2=" ">
    <subfield code="a">NULL</subfield>
  </datafield>
  <datafield tag="917" ind1=" " ind2=" ">
    <subfield code="a">NULL</subfield>
  </datafield>
  <datafield tag="918" ind1=" " ind2=" ">
    <subfield code="a">NO APLICA</subfield>
  </datafield>
  <datafield tag="919" ind1=" " ind2=" ">
    <subfield code="a">["97","261","242"]</subfield>
  </datafield>
  <datafield tag="520" ind1=" " ind2=" ">
    <subfield code="a">El objetivo principal de este estudio consisti&#xF3; en analizar en qu&#xE9; medida los factores: formaci&#xF3;n acad&#xE9;mica de los docentes, metodolog&#xED;a de la ense&#xF1;anza, calidad de los programas de F&#xED;sica B&#xE1;sica, manejo del contenido curricular de la asignatura, dominio de los prerrequisitos por parte de los estudiantes, influyen en la aprobaci&#xF3;n de la asignatura.La metodolog&#xED;a fue de tipo descriptiva, cuantitativa y de campo. Como t&#xE9;cnicas e instrumento se utiliz&#xF3; encuestas, observaci&#xF3;n dirigida y el cuestionario. Se trabaj&#xF3; con una poblaci&#xF3;n muestra de 35 estudiantes y el 100% de la poblaci&#xF3;n de profesores, equivalentes a 31 de la Escuela de F&#xED;sica que imparten el verano en la Sede Central, Semestre 2001-2002.El estudio concluye en que realmente existe una intima relaci&#xF3;n entre el rendimiento acad&#xE9;mico de los estudiantes de F&#xED;sica B&#xE1;sica y los factores estudiados, un conjunto de factores se conjugan y act&#xFA;an de manera negativa en el rendimiento acad&#xE9;mico de los bachilleres en la asignatura de F&#xED;sica B&#xE1;sica 014, como son: espacio f&#xED;sico limitado, alto n&#xFA;mero de estudiantes, ausencia de medios pedag&#xF3;gicos, estudiantes que arrastran diferencias desde el bachillerato, que a pesar de la preparaci&#xF3;n del docente y su experiencia acad&#xE9;mica, las estrategias, los m&#xE9;todos y los medios pedag&#xF3;gicos y el sistema de evaluaci&#xF3;n no favorecen en los estudiantes el desarrollo de las competencias intelectuales.El estudio recomienda a la Escuela de F&#xED;sica de la UASD, dise&#xF1;ar y ejecutar un programa de capacitaci&#xF3;n y actualizaci&#xF3;n pedag&#xF3;gica, dirigido a profesores de F&#xED;sica B&#xE1;sica 014, con el prop&#xF3;sito de capacitarles en el uso de estrategias pedag&#xF3;gicas pertinentes para que estos puedan implementarlas con sus alumnos en el desarrollo del proceso docente-educativo.</subfield>
  </datafield>
  <datafield tag="921" ind1=" " ind2=" ">
    <subfield code="a">16</subfield>
  </datafield>
  <datafield tag="922" ind1=" " ind2=" ">
    <subfield code="a">16</subfield>
  </datafield>
  <datafield tag="923" ind1=" " ind2=" ">
    <subfield code="a">0</subfield>
  </datafield>
  <datafield tag="924" ind1=" " ind2=" ">
    <subfield code="a">NO APLICA</subfield>
  </datafield>
  <datafield tag="942" ind1=" " ind2=" ">
    <subfield code="c">Tesis</subfield>
  </datafield>
  <datafield tag="999" ind1=" " ind2=" ">
    <subfield code="c">1723</subfield>
    <subfield code="d">1723</subfield>
  </datafield>
</record>
